000 00244nam a22000977a 4500
999 _c11839
_d11839
008 200227b ||||| |||| 00| 0 eng d
020 _a9781402776632
100 _aAggarwal,B.
_97510
245 _aHealing Spices
260 _aNew York
_bSterling
_c2019